| 000 | 00979nam a22002057a 4500 | ||
|---|---|---|---|
| 001 | 000203439 | ||
| 003 | AM-YeHGA | ||
| 005 | 20250617124013.0 | ||
| 008 | 030329s1985 ru |||||||||||||||||rus|d | ||
| 040 | _aAM-YeHGA | ||
| 041 | 0 | _arus | |
| 100 | 1 | _aЛабутина, Тамара Митрофановна | |
| 245 | 1 | 0 |
_aФормирование и прогнозирование гидрохимического режима водохранилищ Северо-Востока СССР / _cТ.М. Лабутина ; АН СССР, Сиб. отд-ние, Якут. фил., Ин-т биологии. |
| 260 |
_aЯкутск : _bИзд-во АН СССР. Сиб. отд-ние. Якут. фил., _c1985. |
||
| 300 |
_a115 с. : _bил. ; _c20 см. |
||
| 650 | 1 | 4 |
_aГидрохимия _xВодохранилища _zСеверо-Восток СССР |
| 710 | 2 | _aИнститут биологии Якут. фил. СО АН СССР | |
| 942 |
_2udc _cBK |
||
| 090 | _c71665 | ||
| 999 |
_c70468 _d70468 |
||